| 000 | 00470nam a2200145Ia 4500 | ||
|---|---|---|---|
| 008 | 230312s9999||||xx |||||||||||||| ||und|| | ||
| 020 | _a9781118148648 | ||
| 082 |
_a004.167 _bGOO-D |
||
| 100 | _aSpiteri,Kevin | ||
| 245 | 0 | _aI just want it to work! : a guide to understanding digital marketing and social media for frustrated business owners, managers and marketers | |
| 260 |
_bWiley _aUSA _c2011 |
||
| 300 | _a327 | ||
| 650 |
_aComputer _vElectronic Book |
||
| 942 | _cBK | ||
| 999 |
_c17781 _d17781 |
||